[Event "DSOL 02 Liga Gr-B 1st"]
[Site "Playchess.com INT"]
[Date "2020.07.22"]
[Round "5.3"]
[White "Hoppe, Frank"]
[Black "Beinrucker, Markus"]
[Result "0-1"]
[WhiteElo "1915"]
[BlackElo "1860"]
[PlyCount "80"]
[EventDate "2020.06.22"]
[EventType "team-tourn (rapid)"]
[EventCountry "GER"]
[SourceTitle "EXT 2021"]
[Source "ChessBase"]
[SourceDate "2020.10.23"]
[SourceVersion "1"]
[SourceVersionDate "2020.10.23"]
[SourceQuality "1"]
[WhiteTeam "Berolina Mitte"]
[BlackTeam "Niederbrechen"]
[WhiteTeamCountry "GER"]
[BlackTeamCountry "GER"]

1. e4 e6 2. d4 d5 3. Nc3 Nf6 4. Bg5 Bb4 5. e5 Bxc3+ 6. bxc3 h6 7. exf6 hxg5 8. fxg7 Rg8 9. Qh5 Qf6 10. h4 gxh4 11. Rxh4 Qxg7 12. Nf3 Nc6 13. g3 Bd7 14. Qh6 Qxh6 15. Rxh6 0-0-0 16. Bb5 Rh8 17. Rxh8 Rxh8 18. Ke2 f6 19. Bxc6 Bxc6 20. Nh4 Ba4 21. Kd2 Kd7 22. Re1 Kd6 23. Re3 Rh6 24. f4 Bd7 25. Ke1 b5 26. Kf2 c5 27. Kg2 a5 28. a3 Rh8 29. Nf3 c4 30. g4 Be8 31. Re1 Bg6 32. Kg3 Bxc2 33. Nh4 Be4 34. Re2 b4 35. cxb4 axb4 36. axb4 Rb8 37. Nf3 c3 38. Ne1 Rxb4 39. Kf2 Rb2 40. Ke3 c2 0-1

[Event "Frankfurt-chA"]
[Site "Frankfurt"]
[Date "2017.05.22"]
[Round "5"]
[White "Adair, Robin"]
[Black "Beinrucker, Markus"]
[Result "1/2-1/2"]
[WhiteElo "1685"]
[BlackElo "1887"]
[PlyCount "42"]
[EventDate "2017.04.24"]
[EventType "swiss"]
[EventRounds "7"]
[EventCountry "GER"]
[SourceTitle "EXT 2018"]
[Source "ChessBase"]
[SourceDate "2017.10.13"]
[SourceVersion "1"]
[SourceVersionDate "2017.10.13"]
[SourceQuality "1"]

1. c4 e6 2. Nf3 d5 3. d4 f5 4. g3 Nf6 5. Bg2 c6 6. Qc2 Bd6 7. b3 0-0 8. Bb2 Ne4 9. Nbd2 Nd7 10. e3 Qe7 11. a3 a5 12. 0-0 b6 13. cxd5 cxd5 14. Rfc1 Ba6 15. Bf1 Bxf1 16. Kxf1 Ndf6 17. a4 Rac8 18. Qd1 Rxc1 19. Qxc1 Qb7 20. Kg2 Qb8 21. Ne5 Rc8 1/2-1/2

[Event "Frankfurt-chA"]
[Site "Frankfurt"]
[Date "2017.05.02"]
[Round "2"]
[White "Beinrucker, Markus"]
[Black "Wagner, Guenter"]
[Result "1/2-1/2"]
[WhiteElo "1887"]
[BlackElo "1666"]
[PlyCount "54"]
[EventDate "2017.04.24"]
[EventType "swiss"]
[EventRounds "7"]
[EventCountry "GER"]
[SourceTitle "EXT 2018"]
[Source "ChessBase"]
[SourceDate "2017.10.13"]
[SourceVersion "1"]
[SourceVersionDate "2017.10.13"]
[SourceQuality "1"]

1. d4 Nf6 2. Bf4 d6 3. e3 g6 4. Nf3 Bg7 5. Be2 0-0 6. 0-0 c5 7. c4 Nbd7 8. Nc3 b6 9. h3 Bb7 10. d5 Ne8 11. h4 Ndf6 12. e4 e5 13. dxe6 Nxe4 14. exf7+ Rxf7 15. Nxe4 Rxf4 16. Neg5 Qf6 17. Qa4 h6 18. g3 Rxf3 19. Nxf3 Bxf3 20. Bxf3 Qxf3 21. Rae1 Qf7 22. Re2 Kf8 23. Qc6 Rd8 24. Rc1 Be5 25. Kg2 g5 26. hxg5 hxg5 27. b3 g4 1/2-1/2

[Event "Frankfurt-chA"]
[Site "Frankfurt"]
[Date "2016.06.06"]
[Round "6"]
[White "Beinrucker, Markus"]
[Black "Ortinau, Peter"]
[Result "1-0"]
[WhiteElo "1824"]
[BlackElo "1963"]
[PlyCount "71"]
[EventDate "2016.04.25"]
[EventType "swiss"]
[EventRounds "9"]
[EventCountry "GER"]
[SourceTitle "EXT 2018"]
[Source "ChessBase"]
[SourceDate "2017.10.13"]
[SourceVersion "1"]
[SourceVersionDate "2017.10.13"]
[SourceQuality "1"]

1. d4 Nf6 2. Bf4 c5 3. e3 Qb6 4. Nc3 e6 5. Nf3 a6 6. Rb1 d5 7. dxc5 Qxc5 8. Be2 Nc6 9. 0-0 Bd7 10. Ne5 Be7 11. a3 Nxe5 12. Bxe5 0-0 13. e4 Bc6 14. b4 Qa7 15. exd5 Nxd5 16. Nxd5 Bxd5 17. c4 Be4 18. Rb3 Rad8 19. Qc1 Bd6 20. Bxd6 Rxd6 21. c5 Rd7 22. Rd1 Rfd8 23. Rxd7 Rxd7 24. Qf4 Bc6 25. h4 Qa8 26. Rg3 Qd8 27. h5 g6 28. hxg6 hxg6 29. Rh3 Qf8 30. Qe5 f6 31. Qxe6+ Kg7 32. Qe3 Qe7 33. Qh6+ Kf7 34. Qh7+ Kf8 35. Qh8+ Kf7 36. Rh7+ 1-0

[Event "Frankfurt-chA"]
[Site "Frankfurt"]
[Date "2016.05.23"]
[Round "4"]
[White "Beinrucker, Markus"]
[Black "Hoeche, Alexander"]
[Result "1-0"]
[WhiteElo "1824"]
[BlackElo "1276"]
[PlyCount "87"]
[EventDate "2016.04.25"]
[EventType "swiss"]
[EventRounds "9"]
[EventCountry "GER"]
[SourceTitle "EXT 2018"]
[Source "ChessBase"]
[SourceDate "2017.10.13"]
[SourceVersion "1"]
[SourceVersionDate "2017.10.13"]
[SourceQuality "1"]

1. d4 Nf6 2. Bf4 g6 3. e3 Bg7 4. Nf3 0-0 5. Be2 c5 6. c3 cxd4 7. exd4 d6 8. 0-0 Nc6 9. Nbd2 Bf5 10. h3 a6 11. Re1 b5 12. a3 Ne4 13. Nxe4 Bxe4 14. Nd2 Bd5 15. Bf3 Bxf3 16. Qxf3 Rc8 17. Rad1 Re8 18. Ne4 Qd7 19. h4 h5 20. Bg3 a5 21. Ng5 Rf8 22. Re2 b4 23. axb4 axb4 24. Rde1 bxc3 25. bxc3 Bxd4 26. cxd4 Nxd4 27. Qd3 Nxe2+ 28. Rxe2 Qa7 29. Kh2 Qb7 30. Qe3 Rfe8 31. Ne4 Qb4 32. Bxd6 exd6 33. Nf6+ Kg7 34. Nxe8+ Kh7 35. Nf6+ Kg7 36. Qg5 Rc5 37. Nxh5+ Kh7 38. Nf6+ Kg7 39. Ne8+ Kh7 40. Qf6 Qc3 41. Qxf7+ Kh6 42. Qf4+ Kh7 43. Re7+ Kh8 44. Qf8# 1-0